MATERIALS OF CONSTRUCTION (Record no. 713036)

MARC details
000 -LEADER
fixed length control field 00243nam a2200097Ia 4500
008 - FIXED-LENGTH DATA ELEMENTS--GENERAL INFORMATION
fixed length control field 230508s2018 xx 000 0 und d
041 ## - LANGUAGE CODE
Language code of text/sound track or separate title eng
100 ## - MAIN ENTRY--PERSONAL NAME
Personal name GHOSE D N
245 ## - TITLE STATEMENT
Title MATERIALS OF CONSTRUCTION
260 ## - PUBLICATION, DISTRIBUTION, ETC.
Name of publisher, distributor, etc. MCGRAW HILL EDU.
Date of publication, distribution, etc. 2018
Date of manufacture 2014

No items available.